000 00582nam a2200205 a 4500
001 000044653
003 OSt
005 20201210140034.0
008 141211s2012 dr 000 0 spa d
020 _a9789945882926
040 _aDO-SdBNP
_bspa
_cBNPHU
100 1 _aSilverio, Rosa
_914892
245 1 0 _aA los delincuentes hay que matarlos /
_cRosa Silverio.
260 _aSanto Domingo :
_bSantillana,
_c2012.
300 _a130 p. ;
_c19 cm.
490 1 _aPunto de lectura
_v538
590 _aInventariado, 2020 /LP
830 0 _aPunto de lectura
_v538
_93047
942 _2ddc
_cLBS1
999 _c44142
_d44142